000 01692nam0a2200337 i 4500
001 RU\NLR\bibl\1938903
005 20240921134207.0
010 _a9785855466877
_9100
021 _aRU
_b2012-57676
_94223
035 _a(NLR Aleph) 001928189
090 _a3398988
_c3398988
100 _a20120830d2012 u y0rusy50 ca
101 0 _arus
102 _aRU
105 _aa |||||||||
200 1 _aМетоды и средства диагностирования технических систем
_eучебное пособие
_e[для студентов, обучающихся по специальностям 170101 и 170102]
_fИ.В. Любимов, С.А. Мешков, А.П. Ушаков, Р.В. Чалый
_gМ-во образования и науки Рос. Федерации, Балт. гос. техн. ун-т "Военмех"
210 _aСанкт-Петербург
_cБалтийский государственный технический университет
_d2012
215 _a94 с.
_cил.
_d20
320 _aБиблиогр.: с. 93 (6 назв.)
606 1 _aТехническая диагностика
_jУчебные издания для высших учебных заведений
_91049064
_3RU\NLR\auth\6687174
686 _aЖ15я73-1
701 1 _aМешков
_bС. А.
_gСергей Анатольевич
_4070
701 1 _aУшаков
_bА. П.
_gАндрей Павлович
_4070
701 1 _aЧалый
_bР. В.
_gРоман Васильевич
_4070
801 0 _aRU
_bNLR
_c20120830
_gRCR
801 1 _aRU
_bNLR
_c20120830
830 _aАвт. по кн.
942 _cBOOK
980 _aNBR